| 000 | 00899nam a2200229 a 4500 | ||
|---|---|---|---|
| 001 | 000029406 | ||
| 005 | 20200930055528.0 | ||
| 008 | 110415s1995 dr a 000 0 spa d | ||
| 040 |
_aDO-SdBNP _bspa _cBNPHU |
||
| 082 |
_axxx _bM492e |
||
| 100 | 1 |
_aMedrano, Antonia _956278 |
|
| 245 | 1 | 0 |
_aEnsalada de frutas : _buna experiencia alternativa de aprendizaje-enseñanza de matemáticas realizada en tercer grado / _cAntonia Medrano y Ana Teresa Valerio ; colaboradoras Cristina Pichardo y Anny Peña. |
| 260 |
_aSanto Domingo : _bCentro Cultural Poveda, _c1995. |
||
| 300 |
_a59 p. : _bil. ; _c28 cm. |
||
| 490 | 1 |
_aCuadernos de sociedad y educación _v4 |
|
| 500 | _aIncluye notas al pie de las páginas | ||
| 700 | 1 |
_aPichardo, Cristina _956279 |
|
| 700 | 1 |
_aPeña, Anny _956280 |
|
| 700 | 1 |
_aValerio, Ana Teresa _956281 |
|
| 830 | 0 |
_aCuadernos de sociedad y educación ; _v4 _936776 |
|
| 049 | _aBNPD | ||
| 999 |
_c28898 _d28898 |
||